000 00534nam a2200205Ia 4500
001 74133
003 OSt
005 20160922121213.0
008 160804s9999||||xx |||||||||||||| ||und||
020 _a9780199566020
040 _cPK-LaUMT
082 _aR 320.3
_bOXF-
100 _aBoix, Carles
245 4 _aThe Oxford handbook of comparative politics/
_cBoix, Carles|Stokes, Susan C.
260 _aOxford:
_bOxford University Press,
_c2009
300 _a1021 p.
546 _aEN
700 _aStokes, Susan C.
942 _cREF
_2ddc
999 _c87277
_d87277